000 00643nam a22001937i 4500
999 _c22937
_d22937
003 AR-CdUCM
008 240531b20232023 pe||||| |||| 00| 0 spa d
020 _a978-612-5070-67-8
040 _aMUNICIPALIDAD PROVINCIAL DEL CUSCO
_cBIBLIOTECA MUNICIPAL DEL CUSCO
082 _a869.56 / T73O
_bT73O
100 _aTorres, Walter.
_950050
245 _aOro, poder y sangre en la conquista de los inkas /
260 _aLima :
_bEditorial Barreto,
_c2023
300 _a246 páginas. :
_c23 cm.
650 _aNovela histórica
_950053
650 _aPeríodo de transición hacia la Colonia
_950052
942 _2ddc
_cLIBROS
945 _apbj
_d2024-05-31